书目信息 |
| 题名: |
人体百科
|
|
| 作者: | 赵岩 主编 | |
| 分册: | ||
| 出版信息: | 长春 北方妇女儿童出版社 2017 |
|
| 页数: | 121页 | |
| 开本: | 24cm | |
| 丛书名: | ||
| 单 册: | ||
| 中图分类: | R32-49 | |
| 科图分类: | ||
| 主题词: | 人体--少儿读物 | |
| 电子资源: | ||
| ISBN: | 978-7-5585-0472-3 | |
| 000 | 00546nam0 2200205 450 | |
| 001 | 5603 | |
| 005 | 20180528212628.46 | |
| 010 | @a978-7-5585-0472-3@dCNY21.80 | |
| 100 | @a20171222d2017 cemy0chiy50 ea | |
| 101 | 0 | @achi |
| 102 | @aCN@b220000 | |
| 105 | @aa z 000yy | |
| 200 | 1 | @a人体百科@9ren ti bai ke@f赵岩主编 |
| 210 | @a长春@c北方妇女儿童出版社@d2017 | |
| 215 | @a121页@c彩图@d24cm | |
| 606 | 0 | @a人体@j少儿读物 |
| 690 | @aR32-49@v5 | |
| 701 | 0 | @a赵岩@9zhao yan@4主编 |
| 801 | 0 | @aCN@b91MARC@c20171222 |
| 905 | @aMuseLib@dR32-49@e300 | |
| 人体百科/赵岩主编.-长春:北方妇女儿童出版社,2017 |
| 121页:彩图;24cm |
| ISBN 978-7-5585-0472-3:CNY21.80 |
| ● |
| 相关链接 |
|
|
|
|
正题名:人体百科
索取号:R32-49/300
 
预约/预借
| 序号 | 登录号 | 条形码 | 馆藏地/架位号 | 状态 | 备注 |
| 1 | 1113942 | 211139427 | 第二样本阅览室/ [索取号:R32-49/300] | 在馆 | |
| 2 | 1113943 | 211139436 | 教育系资料室/ [索取号:R32-49/300] | 在馆 | |
| 3 | 1113944 | 211139445 | 教育系资料室/ [索取号:R32-49/300] | 在馆 | |
| 4 | 1113945 | 211139454 | 第三借阅区/ [索取号:R32-49/300] | 在馆 |